Nowcasting Slovak GDP by a Small Dynamic Factor Model

Odhad malého dynamického faktorového modelu (DFM) na krátkodobú prognózu slovenského HDP. Model prognózuje vývoj reálnej aktivity podľa mesačných indikátorov, ako sú tržby, zamestnanosť, zdravotné odvody, export a zahraničné prieskumy. Prognózy modelu sú presnejšie v porovnaní s naivnými modelmi, kt...

Ausführliche Beschreibung

Gespeichert in:
Bibliographische Detailangaben
1. Verfasser: Tóth, Peter, 1978-
Format: Buchkapitel
Sprache:Englisch
Schlagworte:
Tags: Tag hinzufügen
Keine Tags, Fügen Sie das erste Tag hinzu!

MARC

LEADER 00000naa a2200000 4500
001 0229370
005 20240502073757.5
041 0 |a eng 
044 |a SK 
245 1 0 |a Nowcasting Slovak GDP by a Small Dynamic Factor Model  |c Peter Tóth 
520 |a Odhad malého dynamického faktorového modelu (DFM) na krátkodobú prognózu slovenského HDP. Model prognózuje vývoj reálnej aktivity podľa mesačných indikátorov, ako sú tržby, zamestnanosť, zdravotné odvody, export a zahraničné prieskumy. Prognózy modelu sú presnejšie v porovnaní s naivnými modelmi, ktoré neberú do úvahy vývoj mesačných dát. Tento výsledok platí najmä na najkratšom horizonte prvého štvrťroka a na intervale vyhodnotenia vrátane krízy v rokoch 2008 – 2009. 
610 2 0 |a Slovensko 
610 2 0 |a modely ekonometrické 
610 2 0 |a produkt domáci hrubý 
610 2 0 |a prognózy hospodárske 
610 2 0 |a ukazovatele makroekonomické 
610 2 0 |a politika hospodárska 
100 1 |a Tóth, Peter, 1978-